Welcome to CU Library Online Public Access Catalogue (OPAC)

Pulmonary pathophysiology--the essentials / (Record no. 3697)

MARC details
000 -LEADER
fixed length control field 00931pam a2200265 a 4500
001 - CONTROL NUMBER
control field 4962961
005 - DATE AND TIME OF LATEST TRANSACTION
control field 20250208184523.0
008 - FIXED-LENGTH DATA ELEMENTS--GENERAL INFORMATION
fixed length control field 970618s1998 mdua b 001 0 eng c
020 ## - INTERNATIONAL STANDARD BOOK NUMBER
International Standard Book Number 0683302256
050 10 - LIBRARY OF CONGRESS CALL NUMBER
Classification number RC732
Item number .W47 1998
082 00 - DEWEY DECIMAL CLASSIFICATION NUMBER
Classification number 616.2/407
Edition information 21
100 1# - MAIN ENTRY--PERSONAL NAME
Personal name West, John B.
Fuller form of name (John Burnard)
245 10 - TITLE STATEMENT
Title Pulmonary pathophysiology--the essentials /
Statement of responsibility, etc. John B. West.
250 ## - EDITION STATEMENT
Edition statement 5th ed.
260 ## - PUBLICATION, DISTRIBUTION, ETC.
Place of publication, distribution, etc. Baltimore, Md. :
Name of publisher, distributor, etc. Williams & Wilkins,
Date of publication, distribution, etc. c1998.
300 ## - PHYSICAL DESCRIPTION
Extent x, 198 p. :
Other physical details ill. ;
Dimensions 23 cm.
500 ## - GENERAL NOTE
General note Companion vol. to: Respiratory physiology--the essentials / John B. West. 5th ed. c1995.
650 #0 - SUBJECT ADDED ENTRY--TOPICAL TERM
Topical term or geographic name entry element Lungs
General subdivision Pathophysiology.
650 #0 - SUBJECT ADDED ENTRY--TOPICAL TERM
Topical term or geographic name entry element Pulmonary function tests.
650 12 - SUBJECT ADDED ENTRY--TOPICAL TERM
Topical term or geographic name entry element Lung Diseases
General subdivision physiopathology.
650 22 - SUBJECT ADDED ENTRY--TOPICAL TERM
Topical term or geographic name entry element Respiratory Function Tests.
650 22 - SUBJECT ADDED ENTRY--TOPICAL TERM
Topical term or geographic name entry element Lung
General subdivision pathology.
700 1# - ADDED ENTRY--PERSONAL NAME
Personal name West, John B.
Fuller form of name (John Burnard)
Title of a work Respiratory physiology--the essentials.
942 ## - ADDED ENTRY ELEMENTS (KOHA)
Source of classification or shelving scheme Library of Congress Classification
Koha item type Books
Edition 5th ed.
Suppress in OPAC No
999 ## -
-- 3697
-- 3697
Holdings
Withdrawn status Lost status Source of classification or shelving scheme Damaged status Not for loan Collection Home library Current library Shelving location Date acquired Total checkouts Full call number Barcode Date last seen Copy number Price effective from Koha item type
    Library of Congress Classification     Non-fiction Science Library (Miotso) Science Library (Miotso) General stacks 02/08/2025   RC732 .W47 WES SLM00003264 02/08/2025 1 02/08/2025 Books
© 2023-2024 Copyright: Central University Libraries. All Rights Reserved | Created by: Mahone Tech Office